Belgium Squad Euro 2024 - Statistics

General Stats
  • This quiz has been taken 147 times
  • The average score is 18 of 25
Answer Stats
Club Position Answer % Correct
Man City MF Kevin De Bruyne
96%
Man City FW Jeremy Doku
95%
Arsenal FW Leandro Trossard
94%
Roma FW Romelu Lukaku
90%
Wolfsburg GK Koen Casteels
88%
Everton MF Amadou Onana
86%
Atletico Madrid DF Axel Witsel
86%
RB Leipzig FW Lois Openda
86%
Aston Villa MF Youri Tielemans
86%
Anderlecht DF Jan Vertonghen
80%
Leicester DF Wout Faes
80%
Al-Shabab MF Yannick Carrasco
75%
PSV FW Johan Bakayoko
73%
Rennes DF Arthur Theate
72%
Nottingham Forest GK Matz Sels
72%
Atalanta FW Charles De Ketelaere
63%
Sevilla FW Dodi Lukebakio
63%
Luton GK Thomas Kaminski
63%
Fulham DF Timothy Castagne
63%
Lyon MF Orel Mangala
57%
Atletico Madrid MF Arthur Vermeeren
49%
Trabzonspor DF Thomas Meunier
48%
Anderlecht DF Zeno Debast
48%
Club Brugge DF Maxim De Cuyper
43%
Wolfsburg MF Aster Vranckx
39%
No matching quizzes found
Score Distribution
Percent of People with Each Score
Percentile by Number Answered
Your Score History
You have not taken this quiz